00239nam a2200109Ia 4500008004100000041001200041082001100053100001500064245003800079260000600117650000600123221030s9999 xx 000 0 und d aEnglish a105.23 aP. L. Soni 0aPhysical Chemistrycby P. L. Soni c0 aB